|
|
|
|
| LEADER |
00000nam0a2200000 4500 |
| 001 |
360750 |
| 005 |
20231102011323.0 |
| 035 |
|
|
|a (RuTPU)RU\TPU\retro\18076
|
| 090 |
|
|
|a 360750
|
| 100 |
|
|
|a 20210429d1980 m y0rusy50 ca
|
| 101 |
0 |
|
|a rus
|
| 102 |
|
|
|a RU
|
| 105 |
|
|
|a a j 001zy
|
| 200 |
1 |
|
|a Общая гидрогеология
|e учебник для среднего специального образования
|f П. П. Климентов
|
| 205 |
|
|
|a 4-е изд., перераб. и доп.
|
| 210 |
|
|
|a Москва
|c Высшая школа
|d 1980
|
| 215 |
|
|
|a 303 с.
|c ил.
|
| 320 |
|
|
|a Библиогр.: с. 299-300
|
| 606 |
1 |
|
|a Гидрогеология
|2 stltpush
|3 (RuTPU)RU\TPU\subj\38647
|9 59032
|
| 610 |
1 |
|
|a вода
|
| 610 |
1 |
|
|a круговорот воды
|
| 610 |
1 |
|
|a горные породы
|
| 610 |
1 |
|
|a водные свойства
|
| 610 |
1 |
|
|a земная кора
|
| 610 |
1 |
|
|a тепловой режим
|
| 610 |
1 |
|
|a подземная гидросфера
|
| 610 |
1 |
|
|a строение
|
| 610 |
1 |
|
|a подземные воды
|
| 610 |
1 |
|
|a классификация
|
| 610 |
1 |
|
|a химический анализ
|
| 610 |
1 |
|
|a химический состав
|
| 610 |
1 |
|
|a происхождение
|
| 610 |
1 |
|
|a грунтовые воды
|
| 610 |
1 |
|
|a артезианские воды
|
| 610 |
1 |
|
|a литосфера
|
| 610 |
1 |
|
|a мерзлая зона
|
| 610 |
1 |
|
|a минеральные лечебные воды
|
| 610 |
1 |
|
|a промышленные воды
|
| 610 |
1 |
|
|a термальные воды
|
| 610 |
1 |
|
|a учебники
|
| 675 |
|
|
|a 556.3(075.3)
|v 4
|
| 700 |
|
1 |
|a Климентов
|b П. П.
|g Петр Платонович
|
| 801 |
|
1 |
|a RU
|b 63413507
|c 20210429
|
| 801 |
|
2 |
|a RU
|b 63413507
|c 20220422
|g RCR
|
| 942 |
|
|
|c BK
|